The heritage of Persian Literature in the history of Bengal : (Record no. 77980)

MARC details
000 -LEADER
fixed length control field 00589nam a22001817a 4500
005 - DATE AND TIME OF LATEST TRANSACTION
control field 20130724171313.0
010 ## - LCCN (DPL NO)
LC control number ENG-108129
020 ## - INTERNATIONAL STANDARD BOOK NUMBER
Terms of availability 1200.00
International Standard Book Number 9789351049876
035 ## - SYSTEM CONTROL NUMBER
System control number EN-91662
037 ## - SOURCE OF ACQUISITION
Source of stock number/acquisition DBAD/PUB
100 ## - MAIN ENTRY--PERSONAL NAME
Personal name Mohammed Alimuddin
245 ## - TITLE STATEMENT
Title The heritage of Persian Literature in the history of Bengal :
Statement of responsibility, etc by Mohammed Alimuddin
Remainder of title in 19th century /
260 ## - PUBLICATION, DISTRIBUTION, ETC. (IMPRINT)
Place of publication, distribution, etc Kolkata
Name of publisher, distributor, etc Sarfaraz Printing House
Date of publication, distribution, etc 2013
270 ## - ADDRESS
Address S.N. Banerjee Road
City Kolkata
Postal code 700014
300 ## - PHYSICAL DESCRIPTION
Extent vi,765p.
Dimensions 30cm(Hb)
500 ## - GENERAL NOTE
General note Includes bibliographical references and index
942 ## - ADDED ENTRY ELEMENTS (KOHA)
Source of classification or shelving scheme Dewey Decimal Classification
Item type English Books
Call number suffix ALI
Holdings
Withdrawn status Lost status Not for loan Collection code Home library Current library Date acquired Source of acquisition Cost, normal purchase price Full call number Barcode Copy number Cost, replacement price Koha item type
    Not For Loan Non-fiction D.B.Act.Division D.B.Act.Division 23/07/2013 DBAD/PUB 1200.00 ALI EN-91662 1 1200.00 English Books

© Delhi Public Library
Hit Counter
free hit counter